कारवाँ आगे बढ़े / (Record no. 118917)

MARC details
000 -LEADER
fixed length control field 01174nam a22002777a 4500
003 - CONTROL NUMBER IDENTIFIER
control field dpl
005 - DATE AND TIME OF LATEST TRANSACTION
control field 20170204145823.0
008 - FIXED-LENGTH DATA ELEMENTS--GENERAL INFORMATION
fixed length control field 170204b xxu||||| |||| 00| 0 eng d
010 ## - LIBRARY OF CONGRESS CONTROL NUMBER
LC control number B-014328, B-014330
020 ## - INTERNATIONAL STANDARD BOOK NUMBER
Terms of availability 80.00
International Standard Book Number 8126302151
035 ## - SYSTEM CONTROL NUMBER
System control number B-014328, B-014330
037 ## - SOURCE OF ACQUISITION
Source of stock number/acquisition Cen Lib/Ret
040 ## - CATALOGING SOURCE
Original cataloging agency DPL
Language of cataloging HN
Transcribing agency DPL
082 ## - DEWEY DECIMAL CLASSIFICATION NUMBER
Classification number 824
Item number मिश्रक
100 ## - MAIN ENTRY--PERSONAL NAME
Personal name मिश्र, कन्हैयालाल
9 (RLIN) 9690
245 ## - TITLE STATEMENT
Title कारवाँ आगे बढ़े /
Statement of responsibility, etc कन्हैयालाल मिश्र
246 ## - VARYING FORM OF TITLE
Title proper/short title Karvan aage barhe /
Remainder of title by Kanhaiyalal Mishra
260 ## - PUBLICATION, DISTRIBUTION, ETC. (IMPRINT)
Place of publication, distribution, etc नयी दिल्ली
Name of publisher, distributor, etc भारतीय ज्ञानपीठ
Date of publication, distribution, etc 2000
270 ## - ADDRESS
Address 18, इंस्टीट्यूशनल एरिया, लोधी रोड
City नयी दिल्ली
Postal code 110003
300 ## - PHYSICAL DESCRIPTION
Extent 144पृ.
Dimensions 17सेमी (सजिल्द )
650 ## - SUBJECT ADDED ENTRY--TOPICAL TERM
Topical term or geographic name as entry element हिंदी साहित्य
General subdivision
Geographic subdivision
9 (RLIN) 104176
650 ## - SUBJECT ADDED ENTRY--TOPICAL TERM
Topical term or geographic name as entry element हिंदी निबन्ध
Form subdivision
9 (RLIN) 104177
650 ## - SUBJECT ADDED ENTRY--TOPICAL TERM
Topical term or geographic name as entry element Hindi Literature
9 (RLIN) 104178
650 ## - SUBJECT ADDED ENTRY--TOPICAL TERM
Topical term or geographic name as entry element Hindi Essay
9 (RLIN) 104179
942 ## - ADDED ENTRY ELEMENTS (KOHA)
Source of classification or shelving scheme Dewey Decimal Classification
Koha item type Hindi Books
Classification part 824
Call number suffix मिश्रक
Holdings
Withdrawn status Lost status Damaged status Not for loan Home library Current library Date acquired Source of acquisition Cost, normal purchase price Total Checkouts Full call number Barcode Date last seen Copy number Cost, replacement price Price effective from Koha item type Source of classification or shelving scheme Collection code Shelving location
        Central Library Central Library 14/09/2015 Cen Lib/Ret 80.00   824 मिश्रक B-014328 14/09/2015 1 80.00 14/09/2015 Hindi Books      
      Ordered Sarojini Nagar Sarojini Nagar 01/02/2017 DPL     824 मिश्रक B-014330 01/02/2017 1 80.00 01/02/2017 Hindi Books Dewey Decimal Classification Non-fiction On Display

© Delhi Public Library
Hit Counter
free hit counter